[Event "Madrid San Viator op-B 26th"]
[Site "Madrid"]
[Date "2016.05.29"]
[Round "8"]
[White "Boria Jimenez, Cesar"]
[Black "Benitez Cadenas, Luis Miguel"]
[Result "0-1"]
[WhiteElo "1558"]
[BlackElo "1663"]
[PlyCount "86"]
[EventDate "2016.04.03"]
[EventType "swiss"]
[EventRounds "9"]
[EventCountry "ESP"]
[SourceTitle "EXT 2017"]
[Source "ChessBase"]
[SourceDate "2016.10.25"]
[SourceVersion "1"]
[SourceVersionDate "2016.10.25"]
[SourceQuality "1"]

1. e4 e6 2. d4 d5 3. Nd2 Nf6 4. Bd3 c5 5. e5 Nfd7 6. c3 Nc6 7. Ne2 Qb6 8. Qa4 cxd4 9. cxd4 f6 10. f4 Be7 11. a3 0-0 12. Qb5 fxe5 13. Qxb6 Nxb6 14. fxe5 Na5 15. b3 Bd7 16. Bb2 Bh4+ 17. g3 Bg5 18. Bc3 Bxd2+ 19. Bxd2 Nxb3 20. Rb1 Nxd2 21. Kxd2 Rf2 22. Ke3 Raf8 23. Nf4 Ra2 24. Rb3 g5 25. Ne2 g4 26. Nf4 Rc8 27. Rhb1 Kf7 28. Rf1 Kg8 29. Nh5 Ba4 30. Nf6+ Kg7 31. Nh5+ Kg8 32. Nf6+ Kh8 33. Rbb1 Rxa3 34. Nxh7 Bc2 35. Ng5 Bxd3 36. Rf7 Bxb1+ 37. Kf4 Bf5 38. Rxb7 Rc4 39. Nf7+ Kg8 40. Kg5 Rac3 41. Nh6+ Kf8 42. Rf7+ Ke8 43. Kf6 Rc7 0-1

[Event "Madrid San Viator op-B 26th"]
[Site "Madrid"]
[Date "2016.05.22"]
[Round "7"]
[White "Lopez Mijail, Nicolas"]
[Black "Boria Jimenez, Cesar"]
[Result "0-1"]
[WhiteElo "1675"]
[BlackElo "1558"]
[PlyCount "110"]
[EventDate "2016.04.03"]
[EventType "swiss"]
[EventRounds "9"]
[EventCountry "ESP"]
[SourceTitle "EXT 2017"]
[Source "ChessBase"]
[SourceDate "2016.10.25"]
[SourceVersion "1"]
[SourceVersionDate "2016.10.25"]
[SourceQuality "1"]

1. e4 c5 2. Nf3 g6 3. d4 cxd4 4. Nxd4 Nc6 5. c4 Bg7 6. Be3 Nf6 7. Nc3 d6 8. Be2 0-0 9. 0-0 a6 10. Rb1 Nxd4 11. Bxd4 Be6 12. Qd2 Rc8 13. b3 Qd7 14. f3 Qc6 15. Nd5 Bxd5 16. exd5 Qd7 17. Bb6 Rfe8 18. Rfd1 Bf8 19. b4 e6 20. Bd4 Qd8 21. Qb2 Nd7 22. Bf1 exd5 23. cxd5 Qg5 24. Bf2 Ne5 25. h4 Nxf3+ 26. Kh1 Nxh4 27. b5 Qh5 28. Kg1 Bg7 29. Qb4 Nf5 30. bxa6 bxa6 31. Bxa6 Rb8 32. Qxb8 Rxb8 33. Rxb8+ Bf8 34. Re1 Ng7 35. Rc1 Qxd5 36. Rcc8 Ne6 37. Bc4 Qd1+ 38. Kh2 d5 39. Bb3 Qh5+ 40. Kg1 Kg7 41. Rb5 Bd6 42. Rxd5 Qh2+ 43. Kf1 Qh1+ 44. Bg1 Bh2 45. Rd7 Qxg1+ 46. Ke2 Nd4+ 47. Kd3 Nxb3 48. Rxf7+ Kxf7 49. axb3 Qxg2 50. Rc4 Qf1+ 51. Kc3 Be5+ 52. Kb4 h5 53. Kc5 Ke6 54. b4 Bd6+ 55. Kb5 Kd5 0-1